Statystyki dla Zawody na literę C

Kliknij tutaj aby rozwiązać quiz!

Ogólne statystyki

  • Ten quiz został rozwiązany 73 razy
  • Średni wynik to 2 z 8

Statystyki odpowiedzi

Zawód% Poprawnych
chemik
57%
cieśla
57%
cukiernik
51%
chirurg
35%
celnik
24%
choreograf
16%
charakteryzator
5%
copywriter
2%

Rozkład punktacji

Percentyl według liczby udzielonych odpowiedzi

Procent ludzi z każdym wynikiem

Twoja historia wyników

Nie rozwiązałeś tego quizu